Estatísticas para Países da Europa

Clique aqui para jogar o quiz

Estatísticas Gerais

  • Esse quiz foi jogado 46 vezes
  • A pontuação média é 36 de 46

Respostas no mapa

Respostas codificadas por cores de uma escala verde-vermelha no mapa do quiz de acordo com a % correta abaixo.
 

Estatísticas das Respostas

Resposta% Correto
Alemanha
93%
Espanha
89%
França
89%
Portugal
89%
Grécia
85%
Irlanda
85%
Itália
85%
Rússia
85%
Suécia
85%
Ucrânia
85%
Bélgica
81%
Finlândia
81%
Islândia
81%
Malta
81%
Moldávia
81%
Mónaco
81%
Reino Unido
81%
Vaticano
81%
Andorra
78%
Bielorrússia
78%
Bulgária
78%
Chipre
78%
Dinamarca
78%
Estónia
78%
Letónia
78%
Noruega
78%
Países Baixos
78%
Polónia
78%
Roménia
78%
Suíça
78%
Áustria
74%
Hungria
74%
Luxemburgo
74%
Macedónia
74%
República Checa
74%
San Marino
74%
Sérvia
74%
Albânia
70%
Bósnia e Herzegovina
70%
Eslovénia
70%
Kosovo
70%
Liechtenstein
70%
Croácia
67%
Eslováquia
67%
Lituânia
63%
Montenegro
63%

Distribuição das Pontuações

Percentil de Números Respondidos

Porcentagem de Pessoas com Cada Pontuação

Sua Pontuação Histórica

Você não jogou esse quiz